[Event "39th Olympiad Women"]
[Site "Khanty-Mansiysk RUS"]
[Date "2010.10.03"]
[Round "11"]
[White "Gansvind, Valeriya I."]
[Black "Kaya, Emel"]
[Result "1/2-1/2"]
[WhiteTitle "WFM"]
[WhiteElo "2218"]
[BlackElo "2070"]
[Board "26.2"]
[WhiteTeam "EST"]
[BlackTeam "TUR"]
[WhiteFideId "4109821"]
[BlackFideId "6306411"]
[EventDate "2010.09.21"]
[EventType "team"]

1. b3 c5 2. Bb2 Nc6 3. e3 e5 4. Bb5 Nge7 5. e4 a6 6. Be2 d5 7. Nf3 f6 8. d3 Be6
9. Nbd2 Nd4 10. c3 Nxf3+ 11. Bxf3 Nc6 12. Bg4 Qd7 13. Bxe6 Qxe6 14. Qe2 Be7 15.
O-O O-O 16. Rfd1 Rfd8 17. Nf1 b5 18. Ne3 d4 19. Nd5 dxc3 20. Bxc3 Rac8 21. Rac1
Bf8 22. h3 Ne7 23. Ne3 Rd7 24. Kh2 Ng6 25. g3 Ne7 26. Bb2 Nc6 27. Nd5 Ne7 28.
Ne3 Nc6 29. Nd5 Ne7 1/2-1/2

[Event "39th Olympiad Women"]
[Site "Khanty-Mansiysk RUS"]
[Date "2010.10.03"]
[Round "11"]
[White "Terao, Juliana Sayumi"]
[Black "Camacho, Chardine Cheradee"]
[Result "1/2-1/2"]
[WhiteTitle "WFM"]
[BlackTitle "WFM"]
[WhiteElo "2138"]
[BlackElo "2186"]
[Board "27.1"]
[WhiteTeam "BRA"]
[BlackTeam "PHI"]
[WhiteFideId "2109220"]
[BlackFideId "5201829"]
[EventDate "2010.09.21"]
[EventType "team"]

1. e4 c5 2. c3 d5 3. exd5 Qxd5 4. d4 Nf6 5. Nf3 Bg4 6. Be2 e6 7. h3 Bh5 8. O-O
Be7 9. Be3 cxd4 10. cxd4 O-O 11. Nc3 Qa5 12. a3 Nd5 13. Qb3 Qb6 14. Qxb6 Nxb6
15. g4 Bg6 16. Ne5 N8d7 17. Nxg6 hxg6 18. Bf3 Nc4 19. Bf4 Bd6 20. Bc1 Na5 21.
Be3 Rac8 22. Nb5 Bb8 23. b4 Nc6 24. Rac1 Nb6 25. Rfd1 Rfd8 26. Nc3 Nc4 27. Nb1
b5 28. Bg2 Rd7 29. d5 exd5 30. Rxd5 Rxd5 31. Bxd5 Ne7 32. Bf3 Nxe3 33. Rxc8+
Nxc8 34. fxe3 Be5 35. Bc6 Nd6 36. Kf2 Bb2 37. Ke2 Nc4 38. a4 bxa4 39. Bxa4 Ne5
40. Bb3 Kf8 41. b5 Ke7 42. Nd2 f5 43. Nc4 Nxc4 44. Bxc4 Be5 1/2-1/2

[Event "39th Olympiad Women"]
[Site "Khanty-Mansiysk RUS"]
[Date "2010.10.03"]
[Round "11"]
[White "Gazola, Vanessa Ramos"]
[Black "Jose, Rulp Ylem"]
[Result "1/2-1/2"]
[WhiteElo "1983"]
[BlackElo "2039"]
[Board "27.3"]
[WhiteTeam "BRA"]
[BlackTeam "PHI"]
[WhiteFideId "2112590"]
[BlackFideId "5205026"]
[EventDate "2010.09.21"]
[EventType "team"]

1. d4 d5 2. c4 c6 3. Nf3 Nf6 4. e3 e6 5. Nbd2 Nbd7 6. Bd3 Bd6 7. O-O O-O 8. e4
e5 9. exd5 cxd5 10. cxd5 exd4 11. Ne4 Qb6 12. Nxd6 Qxd6 13. Nxd4 Qxd5 14. Nf5
Kh8 15. Ne7 Qd6 16. Nxc8 Raxc8 17. Be3 Qe5 18. Re1 Nc5 19. Bf1 Rfd8 20. Qf3 b6
21. Bf4 Qd5 22. Qh3 Nd3 23. Bxd3 Qxd3 24. Qxd3 Rxd3 25. Be5 Nd5 26. Rad1 Rxd1
27. Rxd1 f6 28. Bg3 Nb4 29. h3 Nxa2 30. Rd7 Ra8 31. Rb7 Nb4 32. Bd6 Nc6 33. Rc7
Nd4 34. Rb7 Kg8 35. g4 Ne6 36. Re7 Nd4 37. Rb7 Nc6 38. Rc7 Nd8 39. Bb4 a5 40.
Bc3 b5 41. h4 b4 42. Bd2 Ne6 43. Re7 Ra6 44. g5 fxg5 45. hxg5 Kf8 46. Rb7 Nc5 1/2-1/2

[Event "39th Olympiad Women"]
[Site "Khanty-Mansiysk RUS"]
[Date "2010.10.03"]
[Round "11"]
[White "Docena, Jedara"]
[Black "De Oliveira, Ana Paula"]
[Result "1/2-1/2"]
[WhiteElo "2033"]
[BlackElo "1839"]
[Board "27.4"]
[WhiteTeam "PHI"]
[BlackTeam "BRA"]
[WhiteFideId "5202361"]
[BlackFideId "2107856"]
[EventDate "2010.09.21"]
[EventType "team"]

1. e4 c5 2. Nc3 d6 3. f4 Nc6 4. Nf3 g6 5. Bc4 Bg7 6. O-O e6 7. d3 Nge7 8. Qe1 a6
9. a4 Bd7 10. Kh1 Nd4 11. Nxd4 cxd4 12. Ne2 Bc6 13. Qf2 d5 14. exd5 Bxd5 15. b3
Nf5 16. Rb1 Bc6 17. b4 Bxa4 18. Ng3 Nxg3+ 19. Qxg3 O-O 20. Rf2 Rc8 21. Qf3 Qd7
22. Ba3 b5 23. Bb3 Bxb3 24. Rxb3 Qc6 25. Qe2 Rc7 26. Bc1 Rfc8 27. Rb2 Qc3 28.
Qd2 Bf8 29. Kg1 Qxd2 30. Rxd2 Rc3 31. Re2 Ra3 32. Kf2 Rac3 33. Ke1 Be7 34. Kd1
Ra3 35. Re1 Ra1 36. Ke2 a5 37. Bd2 Rxe1+ 38. Kxe1 axb4 39. Kd1 Ra8 40. Bxb4 Bxb4
41. Rxb4 Ra1+ 42. Ke2 1/2-1/2

[Event "39th Olympiad Women"]
[Site "Khanty-Mansiysk RUS"]
[Date "2010.10.03"]
[Round "11"]
[White "Ramirez M., Eugenia"]
[Black "Andersson, Christin"]
[Result "1/2-1/2"]
[BlackTitle "WIM"]
[WhiteElo "2031"]
[BlackElo "2113"]
[Board "28.2"]
[WhiteTeam "BOL"]
[BlackTeam "SWE"]
[WhiteFideId "3301680"]
[BlackFideId "1702947"]
[EventDate "2010.09.21"]
[EventType "team"]

1. e4 e6 2. d4 d5 3. exd5 exd5 4. Bd3 Bd6 5. c3 c6 6. Nf3 Bg4 7. Qe2+ Qe7 8.
Qxe7+ Nxe7 9. Ne5 Be6 10. f4 f6 11. Nf3 Nd7 12. Kf2 O-O-O 13. Re1 Bf7 14. a4
Rde8 15. Na3 Nb6 16. a5 Nd7 17. Bd2 c5 18. Nb5 Bb8 19. Bc2 a6 20. Na3 Bg6 21. g3
Bxc2 22. Nxc2 c4 23. Ne3 Bc7 24. Reb1 Nb8 25. b4 cxb3 26. Rxb3 Nbc6 27. c4 dxc4
28. Nxc4 Nd5 29. Rab1 Re4 30. Rxb7 Nxd4 31. Ra7 Nc6 32. Ra8+ Nb8 33. Nb6+ Bxb6+
34. axb6 Rhe8 35. Ra7 R4e7 36. Nd4 Rd7 37. Ba5 Kd8 38. Ra8 Rb7 39. Nc6+ Kd7 40.
Nxb8+ Rexb8 41. Rxa6 Kc6 42. Bd2 Rxb6 43. Raxb6+ Rxb6 44. Rxb6+ Nxb6 45. g4 Kd5
46. Kf3 Nc4 47. Bc3 Ke6 48. f5+ Kf7 49. Kf4 Nd6 50. h4 g6 51. fxg6+ hxg6 52. Bb4
Nc4 53. Bc5 Ne5 54. Bd4 Nc6 55. Bc3 Ne7 56. Bd4 Ke6 57. Kf3 Nc6 58. Bc3 Ne7 59.
Bd4 Ng8 60. Bc5 Nh6 61. Bf8 Nf7 62. h5 gxh5 63. gxh5 Ne5+ 64. Kf4 f5 65. Bg7 Nf7
66. h6 Nxh6 67. Bxh6 1/2-1/2

[Event "39th Olympiad Women"]
[Site "Khanty-Mansiysk RUS"]
[Date "2010.10.03"]
[Round "11"]
[White "Solis, Gabriela"]
[Black "Horn, Emilia"]
[Result "0-1"]
[BlackTitle "WFM"]
[WhiteElo "1934"]
[BlackElo "2012"]
[Board "28.4"]
[WhiteTeam "BOL"]
[BlackTeam "SWE"]
[WhiteFideId "3301338"]
[BlackFideId "1705385"]
[EventDate "2010.09.21"]
[EventType "team"]

1. d4 d5 2. c4 e5 3. dxe5 d4 4. g3 Nc6 5. Nf3 Nge7 6. Bg2 Ng6 7. Nbd2 Ngxe5 8.
Nxe5 Nxe5 9. Nf3 Bb4+ 10. Bd2 Bxd2+ 11. Nxd2 O-O 12. O-O Be6 13. b3 c6 14. Nf3
Nxf3+ 15. Bxf3 Qb6 16. Qc2 c5 17. Rfe1 Rad8 18. Rad1 g6 19. Rd2 Rfe8 20. Red1
Bf5 21. Qb2 g5 22. Bd5 Rd7 23. Bf3 g4 24. Bg2 Rde7 25. Bd5 a5 26. a4 h5 27. Bg2
h4 28. gxh4 Qh6 29. Re1 Qxh4 30. Qc1 Qg5 31. Qb2 Re6 32. Bxb7 Rh6 33. Kg2 Ree6
34. Rh1 Rh3 35. Qc1 Rxb3 36. Ra2 Qxc1 37. Rxc1 Rxb7 0-1

[Event "39th Olympiad Women"]
[Site "Khanty-Mansiysk RUS"]
[Date "2010.10.03"]
[Round "11"]
[White "Sanchez Castillo, Sarai"]
[Black "Yuan, Yuanling"]
[Result "1-0"]
[WhiteTitle "IM"]
[BlackTitle "WIM"]
[WhiteElo "2278"]
[BlackElo "2189"]
[Board "29.1"]
[WhiteTeam "VEN"]
[BlackTeam "CAN"]
[WhiteFideId "3900754"]
[BlackFideId "8604541"]
[EventDate "2010.09.21"]
[EventType "team"]

1. e4 c5 2. Nf3 d6 3. Nc3 Nf6 4. e5 dxe5 5. Nxe5 a6 6. a4 Qc7 7. d4 e6 8. Nc4
Nbd7 9. d5 Nb6 10. Nxb6 Qxb6 11. Be2 Be7 12. O-O O-O 13. Bf3 Rd8 14. Qe2 Qc7 15.
Re1 Bd6 16. g3 h6 17. b3 e5 18. Bb2 Bf5 19. Ne4 Nxe4 20. Bxe4 Bd7 21. Qd3 Re8
22. c4 Qc8 23. Bh7+ Kh8 24. f3 f5 25. Bg6 Re7 26. Re2 Qf8 27. Rae1 Qf6 28. f4
Qxg6 29. fxe5 Rae8 30. exd6 Re4 31. Rxe4 fxe4 32. Qc3 Bh3 33. a5 Rf8 34. Qe5 Rf5
35. Qe7 Rf7 36. Qh4 Qf5 37. Qxh6+ Kg8 38. Qf4 Qg6 39. Qe5 Kh7 40. Bc1 Qg4 41.
Bf4 Qg6 42. Qxe4 Bf5 43. Qe5 Bc2 44. Qe6 Bf5 45. Qxg6+ Kxg6 46. Re6+ Kh7 47. Kg2
Bc2 48. Re7 Rxe7 49. dxe7 Bg6 50. Be3 Kg8 51. d6 Be8 52. Bxc5 Kf7 53. Kf3 Ke6
54. Kf4 Bg6 55. Kg5 Bf7 56. h4 Kd7 57. Kf5 Be8 58. Ba3 Bf7 59. g4 Ke8 60. h5 Kd7
61. Kg5 Be6 62. Kh4 Ke8 63. g5 Bg8 64. Bb2 g6 65. hxg6 Kd7 66. Ba3 Be6 67. Kh5
Bf5 68. g7 Bh7 69. g8=Q Bxg8 70. Kg6 Be6 71. Kg7 Ke8 72. g6 Bf5 73. Kf6 Bc2 74.
Ke6 1-0

[Event "39th Olympiad Women"]
[Site "Khanty-Mansiysk RUS"]
[Date "2010.10.03"]
[Round "11"]
[White "Kagramanov, Dina"]
[Black "Moreno Garcia, Elizabeth Paola"]
[Result "1-0"]
[WhiteTitle "WIM"]
[BlackTitle "WIM"]
[WhiteElo "2086"]
[BlackElo "2024"]
[Board "29.2"]
[WhiteTeam "CAN"]
[BlackTeam "VEN"]
[WhiteFideId "933953"]
[BlackFideId "3901556"]
[EventDate "2010.09.21"]
[EventType "team"]

1. e4 e5 2. Nf3 Nf6 3. Nxe5 d6 4. Nf3 Nxe4 5. Nc3 Nxc3 6. dxc3 Be7 7. Bf4 Nd7 8.
Qd2 O-O 9. O-O-O Nc5 10. Kb1 a6 11. h4 b5 12. Ng5 Bf5 13. f3 h6 14. Nh3 Bxh4 15.
g4 Be6 16. g5 Bxh3 17. gxh6 Bxf1 18. hxg7 Re8 19. Rdxf1 Ne6 20. Rfg1 Qf6 21. Rg4
Nxf4 22. Rhxh4 Qxh4 23. Rxh4 Re2 24. Qxe2 Nxe2 25. Rh8+ Kxg7 26. Rxa8 Nf4 27.
Rxa6 Ne6 28. Ra5 c6 1-0

[Event "39th Olympiad Women"]
[Site "Khanty-Mansiysk RUS"]
[Date "2010.10.03"]
[Round "11"]
[White "Orlova, Yelizaveta"]
[Black "Ubaldo Suarez, Maria Gisela"]
[Result "0-1"]
[BlackTitle "WIM"]
[WhiteElo "1917"]
[BlackElo "2054"]
[Board "29.4"]
[WhiteTeam "CAN"]
[BlackTeam "VEN"]
[WhiteFideId "2601826"]
[BlackFideId "3900630"]
[EventDate "2010.09.21"]
[EventType "team"]

1. d4 d5 2. Nf3 Nf6 3. g3 c6 4. Bg2 Bf5 5. O-O e6 6. b3 Be7 7. Bb2 Nbd7 8. Nbd2
Ne4 9. c4 O-O 10. Ne1 Qa5 11. Nxe4 dxe4 12. e3 Nf6 13. h3 Rfd8 14. g4 Bg6 15.
Qe2 h5 16. f4 exf3 17. Bxf3 Qg5 18. Ng2 hxg4 19. hxg4 Be4 20. Bxe4 Nxe4 21. Rf4
Nf6 22. e4 e5 23. dxe5 Bc5+ 24. Kh2 Qh6+ 25. Kg3 Nh7 26. Raf1 Ng5 27. R4f2 Qh3+ 0-1

[Event "39th Olympiad Women"]
[Site "Khanty-Mansiysk RUS"]
[Date "2010.10.03"]
[Round "11"]
[White "Lang, Heather"]
[Black "Vojinovic, Jovana"]
[Result "1-0"]
[BlackTitle "WGM"]
[WhiteElo "2025"]
[BlackElo "2319"]
[Board "31.1"]
[WhiteTeam "SCO"]
[BlackTeam "MNE"]
[WhiteFideId "2400979"]
[BlackFideId "937266"]
[EventDate "2010.09.21"]
[EventType "team"]

1. e4 e6 2. Nc3 d5 3. d4 Nf6 4. Bg5 Be7 5. e5 Nfd7 6. Bxe7 Qxe7 7. f4 a6 8. Nf3
c5 9. Qd2 Nc6 10. dxc5 Nxc5 11. O-O-O b5 12. Bd3 b4 13. Ne2 O-O 14. g4 a5 15.
Kb1 a4 16. Ned4 Nxd4 17. Nxd4 b3 18. cxb3 axb3 19. a3 f6 20. Qb4 Qa7 21. Nc6
Nxd3 22. Qxf8+ Kxf8 23. Nxa7 Nf2 24. Nb5 Nxh1 25. Rxh1 Ra4 26. Nd6 Ba6 27. f5
fxe5 28. fxe6 Rxg4 29. Kc1 Ke7 30. Nf5+ Kxe6 31. Ne3 Re4 32. Nd1 Re2 33. Rg1 Bd3
34. Rg3 Bg6 35. a4 Rc2+ 36. Kb1 Rc3+ 37. Rxg6+ hxg6 38. bxc3 Kd6 39. Kb2 Kc5 40.
Kxb3 e4 41. Ne3 1-0

[Event "39th Olympiad Women"]
[Site "Khanty-Mansiysk RUS"]
[Date "2010.10.03"]
[Round "11"]
[White "Milovic, Aleksandra"]
[Black "Rutherford, Elaine"]
[Result "1-0"]
[WhiteTitle "WFM"]
[BlackTitle "WFM"]
[WhiteElo "2182"]
[BlackElo "2080"]
[Board "31.2"]
[WhiteTeam "MNE"]
[BlackTeam "SCO"]
[WhiteFideId "933988"]
[BlackFideId "2401428"]
[EventDate "2010.09.21"]
[EventType "team"]

1. Nc3 d5 2. e4 d4 3. Nce2 e5 4. Ng3 Nc6 5. Nf3 Be6 6. Be2 h5 7. h4 Be7 8. d3
Bb4+ 9. Bd2 Bxd2+ 10. Qxd2 g6 11. Ng5 Qd6 12. O-O Bd7 13. c3 Nh6 14. Rac1 O-O-O
15. c4 f6 16. Nf3 Ng4 17. c5 Qe6 18. b4 Nb8 19. Bd1 a5 20. bxa5 Qa6 21. Bb3 Nc6
22. Bd5 Nxa5 23. c6 Nxc6 24. Rc5 Nb8 25. Rfc1 c6 26. Rb1 b6 27. Rc2 Kc7 28. Bc4
Qb7 29. Rcb2 Be8 30. a4 Na6 31. Qa5 Rb8 32. Qxa6 Qxa6 33. Bxa6 Bf7 34. Bc4 Bxc4
35. dxc4 Ra8 36. Rxb6 Rxa4 37. c5 Rha8 38. Nd2 Ra2 39. Ngf1 Rc2 40. Rb7+ Kc8 41.
Rh7 Raa2 42. Rbb7 1-0

[Event "39th Olympiad Women"]
[Site "Khanty-Mansiysk RUS"]
[Date "2010.10.03"]
[Round "11"]
[White "Giulian, Rosemary A"]
[Black "Stojanovic, Marija R"]
[Result "0-1"]
[BlackTitle "WFM"]
[WhiteElo "1990"]
[BlackElo "2112"]
[Board "31.3"]
[WhiteTeam "SCO"]
[BlackTeam "MNE"]
[WhiteFideId "2400375"]
[BlackFideId "931411"]
[EventDate "2010.09.21"]
[EventType "team"]

1. e4 e5 2. Nf3 Nf6 3. Nxe5 d6 4. Nf3 Nxe4 5. d4 d5 6. Bd3 Be7 7. O-O O-O 8. c3
Bf5 9. Be3 Nc6 10. Qc2 Bg6 11. Ne5 Nxe5 12. dxe5 f5 13. exf6 Rxf6 14. Nd2 Nxd2
15. Qxd2 c6 16. f3 Qf8 17. Kh1 Bd6 18. Rae1 a6 19. Re2 Re8 20. Rfe1 Bxd3 21.
Qxd3 Rfe6 22. Bf2 Qf4 23. g3 Qf6 24. Kg2 h6 25. Bd4 Qf7 26. Bf2 Bf8 27. Bg1
Rxe2+ 28. Rxe2 Rxe2+ 29. Qxe2 Bd6 30. Bf2 c5 31. Qd3 Bf8 32. Qe2 Qd7 33. Qe5 Qc6
34. g4 b5 35. g5 Qd6 36. Qe3 Qe7 37. gxh6 Qxe3 38. Bxe3 gxh6 39. Bf4 Kf7 40. Kf2
Ke6 41. Ke3 a5 42. h3 Bg7 43. Kd3 h5 44. b3 Be5 45. Bh6 Kf5 46. c4 dxc4+ 47.
bxc4 b4 48. Kc2 a4 49. Bf8 Bd4 50. Bd6 Bf2 51. Kd3 Bd4 52. Kc2 Kg5 53. Bg3 Be3
54. Kd3 Bf4 55. h4+ Kf5 56. Be1 Be5 57. Bd2 b3 58. axb3 a3 59. Bc3 a2 0-1

[Event "39th Olympiad Women"]
[Site "Khanty-Mansiysk RUS"]
[Date "2010.10.03"]
[Round "11"]
[White "Koskoska, Gabriela"]
[Black "Tay, Li Jin Jeslin"]
[Result "1-0"]
[WhiteTitle "WIM"]
[BlackTitle "WFM"]
[WhiteElo "2142"]
[BlackElo "2119"]
[Board "33.1"]
[WhiteTeam "MKD"]
[BlackTeam "SIN"]
[WhiteFideId "15000630"]
[BlackFideId "5800927"]
[EventDate "2010.09.21"]
[EventType "team"]

1. e4 c5 2. Nf3 d6 3. d3 a6 4. g3 b5 5. Bg2 Bb7 6. O-O Nf6 7. Nbd2 e6 8. Nh4 Nc6
9. f4 Be7 10. Ndf3 Qb6 11. f5 e5 12. Kh1 Nd4 13. b3 O-O 14. c4 Bc6 15. Nxd4 cxd4
16. Nf3 bxc4 17. bxc4 Rfb8 18. h3 Qb4 19. Qd2 Qxd2 20. Nxd2 Ba4 21. Bf3 Nd7 22.
Bd1 Bxd1 23. Rxd1 Nc5 24. Nf3 Na4 25. Ba3 Nc3 26. Re1 f6 27. Ng1 Rb7 28. Ne2 Na4
29. Rab1 Rab8 30. Rxb7 Rxb7 31. Kg2 Kf7 32. Kf2 Ke8 33. Ra1 Kd7 34. Ke1 Bd8 35.
Kd2 Kc6 36. Kc2 Bb6 37. Rb1 Bc5 38. Rxb7 Kxb7 39. Kb3 Nb6 40. Bxc5 dxc5 41. g4
Nc8 42. h4 h6 43. Ng1 Nd6 44. Nf3 Nf7 45. Ka4 Kb6 46. a3 a5 47. Nd2 h5 48. gxh5
Nh6 49. Kb3 Ng4 50. Nf1 Nf2 51. Kc2 Nh3 52. Nh2 Nf4 53. h6 gxh6 54. Ng4 Nh5 55.
Nxh6 Kc7 56. Ng4 Kc6 57. Kb3 Kb6 58. Nh6 Nf4 59. Ng8 Nh5 60. Ne7 Kc7 61. Nd5+
Kb7 62. Ka4 Ka6 63. Kb3 Kb7 64. Kc2 Kc6 65. Kd2 Kd7 66. Ke2 Ke8 67. Nc7+ Kf7 68.
Ne6 Ng3+ 69. Ke1 Nh5 70. Nxc5 Nf4 71. Kd2 Ke7 72. Ne6 Nh5 73. Ke2 Ng3+ 74. Kf2
Nh5 75. Kf3 1-0

[Event "39th Olympiad Women"]
[Site "Khanty-Mansiysk RUS"]
[Date "2010.10.03"]
[Round "11"]
[White "Liu, Yang"]
[Black "Jonoska, Katerina"]
[Result "1-0"]
[WhiteTitle "WFM"]
[WhiteElo "2083"]
[BlackElo "2012"]
[Board "33.2"]
[WhiteTeam "SIN"]
[BlackTeam "MKD"]
[WhiteFideId "5800919"]
[BlackFideId "15002551"]
[EventDate "2010.09.21"]
[EventType "team"]

1. d4 f5 2. c4 Nf6 3. g3 e6 4. Bg2 d5 5. Nf3 c6 6. O-O Bd6 7. b3 Qe7 8. Qc2 O-O
9. Nc3 Bd7 10. Bb2 Be8 11. Rae1 Bh5 12. cxd5 cxd5 13. Nb5 Bb4 14. Bc3 Bxc3 15.
Nxc3 Nc6 16. e3 Bxf3 17. Bxf3 Rac8 18. Qd2 Ne4 19. Nxe4 fxe4 20. Be2 Rf6 21. Rc1
Rcf8 22. Bb5 Nd8 23. Qa5 a6 24. Rc7 Qd6 25. Rd7 Nc6 26. Bxc6 Qxc6 27. Rc7 Qd6
28. Rxb7 R8f7 29. Rb6 Qf8 30. Rxa6 Re7 31. Ra8 Re8 32. Rxe8 Qxe8 33. Qc5 g5 34.
Rc1 Qh5 35. Qe7 Rf8 36. Qxe6+ Kh8 37. Qe5+ Kg8 38. Qxd5+ Rf7 39. Rc8+ Kg7 40.
Qe5+ 1-0

[Event "39th Olympiad Women"]
[Site "Khanty-Mansiysk RUS"]
[Date "2010.10.03"]
[Round "11"]
[White "Stojkovska, Monika"]
[Black "Ho, En Huei Danielle"]
[Result "1-0"]
[BlackTitle "WFM"]
[WhiteElo "1928"]
[BlackElo "1914"]
[Board "33.3"]
[WhiteTeam "MKD"]
[BlackTeam "SIN"]
[WhiteFideId "15002594"]
[BlackFideId "5802423"]
[EventDate "2010.09.21"]
[EventType "team"]

1. e4 c5 2. Nf3 d6 3. d4 cxd4 4. Qxd4 Nc6 5. Bb5 Bd7 6. Bxc6 Bxc6 7. Nc3 h6 8.
Bd2 Nf6 9. O-O-O e6 10. Qd3 Be7 11. Nd4 O-O 12. f3 a6 13. h4 Nd7 14. g4 Nc5 15.
Qe2 Bd7 16. f4 e5 17. fxe5 dxe5 18. Nf5 Bxf5 19. gxf5 Qe8 20. Rhg1 Kh7 21. Nd5
f6 22. Rg6 Rf7 23. Rdg1 Qa4 24. Nc3 Qc6 25. Rxh6+ 1-0

[Event "39th Olympiad Women"]
[Site "Khanty-Mansiysk RUS"]
[Date "2010.10.03"]
[Round "11"]
[White "Lo, Yin Ling Melissa"]
[Black "Bejatovic, Bojana"]
[Result "1-0"]
[WhiteElo "1814"]
[BlackElo "1891"]
[Board "33.4"]
[WhiteTeam "SIN"]
[BlackTeam "MKD"]
[WhiteFideId "5801001"]
[BlackFideId "15000141"]
[EventDate "2010.09.21"]
[EventType "team"]

1. d4 f5 2. g3 Nf6 3. Bg2 e6 4. c4 d5 5. Nf3 c6 6. O-O Bd6 7. b3 Qe7 8. Ne5 O-O
9. Bb2 Bd7 10. Nd2 Be8 11. Ndf3 Nbd7 12. Nd3 Bh5 13. Nfe5 Ne4 14. f3 Nef6 15.
Qd2 c5 16. e3 Rac8 17. Nf4 Bf7 18. Nfd3 Kh8 19. Kh1 cxd4 20. exd4 Rg8 21. Rae1
Rgd8 22. Nf4 dxc4 23. Nxf7+ Qxf7 24. Nxe6 Re8 25. Ng5 Qh5 26. f4 cxb3 27. axb3
h6 28. Ne6 Ne4 29. Bxe4 fxe4 30. d5 Bf8 31. Rxe4 Nc5 32. Re5 Qh3 33. Rfe1 Nxb3
34. Qe2 Na5 35. Rh5 Rc2 36. Rxh3 Rxe2 37. Rxe2 Nc4 38. Bd4 a5 39. Rxh6+ Kg8 40.
Rg6 Re7 41. Bc5 Rxe6 42. dxe6 Bxc5 43. e7 Bxe7 44. Rxe7 b5 45. Rgxg7+ Kf8 46.
Rb7 Nd6 47. Ra7 a4 48. Rgd7 Ne8 49. Ra8 a3 50. Rxa3 1-0

[Event "39th Olympiad Women"]
[Site "Khanty-Mansiysk RUS"]
[Date "2010.10.03"]
[Round "11"]
[White "Hallaeva, Bahar"]
[Black "Shabanaj, Alda"]
[Result "1-0"]
[WhiteTitle "WFM"]
[WhiteElo "2174"]
[BlackElo "1926"]
[Board "34.2"]
[WhiteTeam "TKM"]
[BlackTeam "ALB"]
[WhiteFideId "14000679"]
[BlackFideId "4700597"]
[EventDate "2010.09.21"]
[EventType "team"]

1. e4 d6 2. d4 g6 3. f4 Bg7 4. Nf3 Nf6 5. Nc3 O-O 6. Bd3 c5 7. dxc5 dxc5 8. O-O
Nc6 9. Be3 b6 10. h3 Bb7 11. Qe2 Nh5 12. Qf2 Nd4 13. Bxd4 Bxd4 14. Nxd4 Qxd4 15.
Qxd4 cxd4 16. Ne2 Rad8 17. Rad1 Nf6 18. Ng3 h5 19. h4 Ng4 20. Rd2 e5 21. fxe5
Nxe5 22. Be2 Rd6 23. Rfd1 Rfd8 24. b3 Kg7 25. Bf3 Ba6 26. Be2 Bb7 27. Bf3 Ba6
28. Bxh5 gxh5 29. Nf5+ Kh7 30. Nxd6 Rxd6 31. Rxd4 Rg6 32. Ra4 Be2 33. Rd5 Nc6
34. Kf2 Bg4 35. Rc4 a6 36. a3 Re6 37. a4 Ne7 38. Rd2 Rf6+ 39. Ke3 Ng6 40. Rf2
Rxf2 41. Kxf2 Ne5 42. Rc7 Kg6 43. a5 bxa5 44. Rc5 f6 45. Ke3 a4 46. bxa4 Bd7 47.
a5 Bb5 48. Kd4 Nc6+ 49. Kd5 Nxa5 50. Ke6 Nc6 51. c4 Nd8+ 52. Ke7 Nc6+ 53. Kd6
Nd8 54. Rc8 Nb7+ 55. Kc7 Bxc4 56. Kxb7 Bd3 57. Kb6 Bxe4 58. Kxa6 Kf5 59. Rg8
Bd3+ 60. Kb6 Be2 61. Kc5 Bg4 62. Kd4 Kf4 63. Ra8 Kg3 64. Ke3 Kxg2 65. Kf4 Kh3
66. Ra1 f5 67. Ra2 Bd1 68. Rb2 Ba4 69. Kxf5 Kg3 70. Kg5 Bd1 71. Rb1 Bg4 72. Rg1+
Kf3 73. Rb1 Kg3 74. Rb3+ Kf2 75. Kf4 Be6 76. Rb2+ Kf1 77. Kg3 Ke1 78. Rb4 Kd2
79. Re4 Bf5 80. Rf4 Be6 81. Re4 Bf5 82. Re5 Bg4 83. Kf4 Kd3 84. Rg5 Be2 85. Rd5+
Kc4 86. Rd8 Bg4 87. Kg5 Kc5 88. Rd2 Bf3 89. Kf4 Bg4 90. Ke5 Kc6 91. Rd4 Be2 92.
Kf5 Kc5 93. Ke5 Kc6 94. Rd2 Bg4 95. Rd3 Be2 96. Rd2 Bg4 97. Kf4 Kc5 98. Ke3 Kc6
99. Rd4 Be6 100. Ke2 Kc5 101. Kd3 Kc6 102. Ke4 Bg4 103. Ke5 Be2 104. Rd6+ Kc7
105. Ke6 Bg4+ 106. Ke7 Be2 107. Rd2 Bg4 108. Rc2+ Kb6 109. Kf6 Bd1 110. Rc1 Bg4
111. Kg6 Kb5 112. Rc7 Bd1 113. Kg5 Kb6 114. Rh7 Kc6 115. Rxh5 Bxh5 116. Kxh5 1-0

[Event "39th Olympiad Women"]
[Site "Khanty-Mansiysk RUS"]
[Date "2010.10.03"]
[Round "11"]
[White "Cimaj, Rozana"]
[Black "Ovezova, Maisa"]
[Result "0-1"]
[BlackTitle "WFM"]
[WhiteElo "1972"]
[BlackElo "2117"]
[Board "34.3"]
[WhiteTeam "ALB"]
[BlackTeam "TKM"]
[WhiteFideId "4700147"]
[BlackFideId "14000393"]
[EventDate "2010.09.21"]
[EventType "team"]

1. e4 e6 2. d4 d5 3. e5 c5 4. c3 Nc6 5. Nf3 cxd4 6. cxd4 Bb4+ 7. Nc3 Nge7 8. Bd3
Bd7 9. O-O a6 10. Bd2 Ba5 11. Rc1 Bb6 12. Be3 Ba7 13. Qe2 b5 14. Rfd1 Na5 15. b3
Rc8 16. Ng5 h6 17. Qh5 g6 18. Qh3 Nf5 19. Nf3 Nxe3 20. fxe3 Nc6 21. Rf1 Qe7 22.
Nh4 Qg5 23. Rf3 Nxd4 24. Rg3 Qxe5 25. Nxg6 fxg6 26. Bxg6+ Ke7 27. exd4 Bxd4+ 28.
Kh1 Bxc3 29. Rgxc3 Rxc3 30. Qxc3 Qxc3 31. Rxc3 Kd6 32. Kg1 d4 33. Rf3 Bc6 34.
Rf7 Rg8 0-1

[Event "39th Olympiad Women"]
[Site "Khanty-Mansiysk RUS"]
[Date "2010.10.03"]
[Round "11"]
[White "Isayeva, Aynur"]
[Black "Pasku, Roela"]
[Result "1-0"]
[BlackTitle "WCM"]
[WhiteElo "2025"]
[BlackElo "1912"]
[Board "34.4"]
[WhiteTeam "TKM"]
[BlackTeam "ALB"]
[WhiteFideId "14001845"]
[BlackFideId "4700708"]
[EventDate "2010.09.21"]
[EventType "team"]

1. d4 Nf6 2. c4 g6 3. Nc3 Bg7 4. e4 d6 5. f3 O-O 6. Be3 Nc6 7. Nge2 e5 8. d5 Na5
9. b3 b6 10. Qd2 Nh5 11. g4 Nf4 12. h4 f5 13. gxf5 gxf5 14. Nxf4 exf4 15. Bd4
Bxd4 16. Qxd4 Qf6 17. Qxf6 Rxf6 18. Bd3 Nb7 19. Nb5 Rf7 20. exf5 Nc5 21. Bc2
Bxf5 22. Bxf5 Rxf5 23. Nxc7 Rd8 24. Kd2 Rd7 25. Nb5 Kf7 26. Rhg1 a6 27. Nd4 Rf6
28. Rg4 Re7 29. b4 Nd7 30. Nc6 Re3 31. Rag1 h6 32. Rg8 Nf8 33. R1g7+ Ke8 34. Ra7
Rg6 35. Ra8+ Kd7 36. Raxf8 Rxg8 37. Rxg8 Rxf3 38. Rf8 Rf2+ 39. Kd3 b5 40. cxb5
axb5 41. Ke4 Re2+ 42. Kf3 Rd2 43. Rf5 Rxa2 44. Kxf4 Rc2 45. Kg4 Rc4+ 46. Kh5 Re4
47. Rf7+ 1-0